[Event "GER-chT U20 Girls"]
[Site "Magdeburg"]
[Date "2010.12.29"]
[Round "5.4"]
[White "Froeschle, Luzie"]
[Black "Logvinenko, Maria"]
[Result "1-0"]
[WhiteElo "1476"]
[BlackElo "1273"]
[PlyCount "113"]
[EventDate "2010.12.27"]
[EventType "team-swiss"]
[EventRounds "7"]
[EventCountry "GER"]
[SourceTitle "CBM 140 Extra"]
[Source "ChessBase"]
[SourceDate "2011.03.01"]
[SourceVersion "1"]
[SourceVersionDate "2011.03.01"]
[SourceQuality "1"]
[WhiteTeam "Ingersheim"]
[BlackTeam "Wesel"]
[WhiteTeamCountry "GER"]
[BlackTeamCountry "GER"]

1. d4 d5 2. c4 dxc4 3. Nf3 Nc6 4. Nc3 e6 5. e3 Nf6 6. Bxc4 a6 7. 0-0 Be7 8. a3 0-0 9. Qc2 g6 10. b4 Bd7 11. Bd3 Nd5 12. Ne4 Nb8 13. Ng3 f5 14. e4 Nb6 15. exf5 exf5 16. Qb3+ Kh8 17. Bh6 Rf6 18. Rfe1 Nc8 19. Ng5 Bf8 20. Bxf8 Qxf8 21. h4 h6 22. Ne6 Bxe6 23. Rxe6 Nc6 24. Ne2 Nd6 25. d5 Nd8 26. Re3 Rf7 27. Nf4 Kh7 28. Rae1 Rc8 29. h5 gxh5 30. Nxh5 c5 31. bxc5 Rxc5 32. Nf4 Rcc7 33. Ne6 Nxe6 34. Rxe6 Rce7 35. Qb6 Rd7 36. Qe3 Rf6 37. Qf3 Rdf7 38. Qf4 Rd7 39. R1e3 Qf7 40. R3e5 Qf8 41. Rxf6 Qxf6 42. Bxf5+ Nxf5 43. Qxf5+ Qxf5 44. Rxf5 Kg6 45. g4 Kg7 46. f4 b5 47. Kf2 Rc7 48. Re5 Rf7 49. Ke3 Rd7 50. Ke4 Rd8 51. Re6 Rc8 52. d6 Rd8 53. Ke5 a5 54. Re7+ Kg8 55. Rb7 b4 56. axb4 axb4 57. Rxb4 1-0

[Event "GER-chT U20 Girls"]
[Site "Magdeburg"]
[Date "2010.12.27"]
[Round "2.4"]
[White "Jentsch, Jasmin"]
[Black "Logvinenko, Maria"]
[Result "1/2-1/2"]
[WhiteElo "1215"]
[BlackElo "1273"]
[PlyCount "118"]
[EventDate "2010.12.27"]
[EventType "team-swiss"]
[EventRounds "7"]
[EventCountry "GER"]
[SourceTitle "CBM 140 Extra"]
[Source "ChessBase"]
[SourceDate "2011.03.01"]
[SourceVersion "1"]
[SourceVersionDate "2011.03.01"]
[SourceQuality "1"]
[WhiteTeam "Fritzdorf"]
[BlackTeam "Wesel"]
[WhiteTeamCountry "GER"]
[BlackTeamCountry "GER"]

1. e4 e5 2. Nf3 d6 3. d4 exd4 4. Nxd4 Nf6 5. Nc3 b6 6. Bb5+ Bd7 7. Bxd7+ Qxd7 8. 0-0 Be7 9. Bg5 h6 10. Bxf6 Bxf6 11. Nd5 Qd8 12. c3 0-0 13. Qf3 Nd7 14. Nc6 Ne5 15. Qg3 Nxc6 16. Qf3 Ne5 17. Nxf6+ Qxf6 18. Qxf6 gxf6 19. Rfd1 Rfd8 20. h3 Ng6 21. g3 Ne7 22. Rd3 f5 23. exf5 Nxf5 24. Rd5 Ng7 25. Rd4 Re8 26. Kf1 Re7 27. Rh4 Re6 28. Rd1 Rae8 29. Rc4 R8e7 30. b4 Re2 31. a4 R2e4 32. Rxe4 Rxe4 33. Rd3 Rc4 34. Ke2 a5 35. bxa5 bxa5 36. Rd4 Rxc3 37. Rd5 Rc5 38. Rxc5 dxc5 39. Kd3 Ne6 40. Kc4 c6 41. f4 f5 42. g4 fxg4 43. hxg4 Nxf4 44. Kxc5 Nd3+ 45. Kxc6 Nb2 46. Kb5 Nxa4 47. Kxa4 Kf7 48. Kxa5 Ke6 49. Kb4 Ke5 50. Kc3 Kf4 51. Kd2 Kxg4 52. Ke2 Kg3 53. Kf1 Kh2 54. Kf2 h5 55. Kf1 h4 56. Kf2 h3 57. Kf1 Kg3 58. Kg1 h2+ 59. Kh1 Kf2 1/2-1/2